| 000 | 00482nam a2200205Ia 4500 | ||
|---|---|---|---|
| 005 | 20250425160959.0 | ||
| 008 | 250425s9999 xx 000 0 und d | ||
| 041 | _aspa | ||
| 082 | _a620.1064 | ||
| 100 | _aDAILY, JAMES W. | ||
| 245 | 0 | _aDINAMICA DE LOS FLUIDOS: CON APLICACIONES EN LA INGENIERIA | |
| 250 | _a1A ED. | ||
| 260 | _aMEXICO | ||
| 260 |
_aMéxico _bCRAT _c1969 |
||
| 300 | _a511 | ||
| 650 | _aDINAMICA | ||
| 650 | _aFLUIDOS | ||
| 942 | _c01 | ||
| 010 | _a9754 | ||
| 999 |
_c200080 _d200080 |
||